UM Logo

The human experience: (Record no. 8312)

MARC details
000 -LEADER
fixed length control field 00568nam a2200169 4500
008 - FIXED-LENGTH DATA ELEMENTS--GENERAL INFORMATION
fixed length control field 180119b xxu||||| |||| 00| 0 eng d
020 ## - INTERNATIONAL STANDARD BOOK NUMBER
International Standard Book Number 0-395-15176-7
082 ## - DEWEY DECIMAL CLASSIFICATION NUMBER
Edition number 1974
Classification number DC 306
Item number W43
100 ## - MAIN ENTRY--PERSONAL NAME
9 (RLIN) 25707
Personal name Weitzman, David
245 ## - TITLE STATEMENT
Title The human experience:
Remainder of title world culture studies/
Statement of responsibility, etc. David Weitzman and Richard E. Gross.
260 ## - PUBLICATION, DISTRIBUTION, ETC. (IMPRINT)
Place of publication, distribution, etc. Boston:
Name of publisher, distributor, etc. Houghton Mifflin Company,
Date of publication, distribution, etc. ©1974.
300 ## - PHYSICAL DESCRIPTION
Extent 608 pages:
Other physical details color illustration;
Dimensions 26 cm.
500 ## - GENERAL NOTE
General note Includes index.
650 #0 - SUBJECT ADDED ENTRY--TOPICAL TERM
9 (RLIN) 25708
Topical term or geographic name as entry element Science and civilization
700 ## - ADDED ENTRY--PERSONAL NAME
9 (RLIN) 25709
Personal name Weitzman, David
942 ## - ADDED ENTRY ELEMENTS (KOHA)
Source of classification or shelving scheme Dewey Decimal Classification
Koha item type Circulation
Holdings
Withdrawn status Lost status Source of classification or shelving scheme Damaged status Not for loan Collection code Home library Current library Date acquired Source of acquisition Total Checkouts Full call number Barcode Date last seen Copy number Price effective from Koha item type
    Dewey Decimal Classification     Circulation UM Digos College - LIC UM Digos College - LIC 10/03/1987 Donation   DC 306 W43 1974 9617 05/15/2025 1 01/19/2018 Circulation